Introducción al diseño lógico digital

সংরক্ষণ করুন:
গ্রন্থ-পঞ্জীর বিবরন
প্রধান লেখক: Hayes, John P (Author)
বিন্যাস: গ্রন্থ
ভাষা:স্প্যানিশ
প্রকাশিত: Buenos Aires Addison-Wesley Iberoamericana 1996
বিষয়গুলি:
ট্যাগগুলো: ট্যাগ যুক্ত করুন
কোনো ট্যাগ নেই, প্রথমজন হিসাবে ট্যাগ করুন!

MARC

LEADER 00000nam a2200000 a 4500
001 UCM6992
003 CL-VaPUC
008 021129e19960000AG |||||||||||||||||spa|d
082 0 4 |a 621.395  |b HAY  |2 21 
100 0 |a Hayes, John P  |e author  |9 472691 
245 1 0 |a Introducción al diseño lógico digital 
300 |a 941 p 
942 |c BK 
945 |d 20021129 00:00:00  |a vberengu 
260 |a Buenos Aires  |b Addison-Wesley Iberoamericana  |c 1996 
650 0 |a Circuitos  |9 263339 
650 0 |a Circuitos integrados   |9 260673 
650 7 |a CMOS  |2 CL-VaPUC  |9 437400 
650 7 |a EQUIPO ELECTRONICO  |2 CL-VaPUC  |9 436684 
650 0 |a Circuitos lógicos   |9 263161 
583 |a last modification  |c 20021129 00:00:00  |k Rodrigo Vera 
999 |c 302029  |d 302027 
952 |0 0  |1 0  |2 ddc  |4 0  |6 621_395000000000000_HAY_1996  |7 0  |8 A  |9 362007  |a BIBING  |b BIBING  |c RES  |d 2019-11-21  |i 3865835  |o 621.395 HAY 1996  |p 3865835  |r 2025-01-20  |w 2019-11-21  |y BK  |k EIE